Normal view
MARC view
- Alam Jan
Entry Personal Name
001 - CONTROL NUMBER
- control field: 100730
003 - CONTROL NUMBER IDENTIFIER
- control field: NUST
005 - DATE AND TIME OF LATEST TRANSACTION
- control field: 20221019093716.0
008 - FIXED-LENGTH DATA ELEMENTS
- fixed length control field: 221019|| aca||aabn | a|a d
040 ## - CATALOGING SOURCE
- Original cataloging agency: NUST
- Transcribing agency: NUST
100 ## - HEADING--PERSONAL NAME
- Personal name: Alam Jan
670 ## - SOURCE DATA FOUND
- Source citation: Work cat.: (NUST)11348: Alam Jan, Efficient neighbour channel reservation (ENCR) for contention resolution in OBS networks, 2012
